[Event "13. Open Club Ajedrez Villaverde"]
[Site "Madrid ESP"]
[Date "2010.06.30"]
[Round "3.3"]
[White "Ortega Ruiz, Jose M"]
[Black "Aziz Ortego, Omar Luis"]
[Result "1-0"]
[WhiteElo "2292"]
[BlackElo "2091"]
[PlyCount "89"]
[EventDate "2010.06.28"]
[EventType "swiss"]
[EventRounds "9"]
[EventCountry "ESP"]
[Source "lmi"]
[SourceDate "2010.06.28"]

1. d4 d5 2. c4 e6 3. Nc3 Nf6 4. e3 Be7 5. Nf3 O-O 6. Bd3 dxc4 7. Bxc4 c5 8. O-O
cxd4 9. exd4 b6 10. Qe2 Bb7 11. Rd1 Nd5 12. Ne5 Nd7 13. Nxd5 exd5 14. Bd3 Bf6
15. Bf4 g6 16. Rac1 Nxe5 17. dxe5 Bg5 18. Qd2 Bxf4 19. Qxf4 Rc8 20. h4 Qe7 21.
h5 Rfe8 22. Bb5 Qxe5 23. Qxe5 Rxe5 24. Rxc8+ Bxc8 25. Rc1 Be6 26. h6 d4 27. a4
Rc5 28. Rd1 Rd5 29. f4 Kf8 30. Kf2 Ke7 31. Kf3 f5 32. Ke2 Rd8 33. Rc1 Rc8 34.
Rxc8 Bxc8 35. Kd3 Be6 36. Kxd4 Kf6 37. Be8 Bb3 38. g3 Ke7 39. Bxg6 Kf6 40. Bxh7
Be6 41. b4 a5 42. bxa5 bxa5 43. Kc5 Bd7 44. Kb6 Bxa4 45. Bxf5 1-0

[Event "13. Open Club Ajedrez Villaverde"]
[Site "Madrid ESP"]
[Date "2010.06.30"]
[Round "3.4"]
[White "Ramirez Garcia, Jorge Alberto"]
[Black "Vazquez Gonzalez, Jesus"]
[Result "1-0"]
[WhiteElo "2217"]
[BlackElo "2089"]
[PlyCount "37"]
[EventDate "2010.06.28"]
[EventType "swiss"]
[EventRounds "9"]
[EventCountry "ESP"]
[Source "lmi"]
[SourceDate "2010.06.28"]

1. e4 g6 2. d4 c5 3. dxc5 Bg7 4. c3 Qc7 5. Be3 Na6 6. Bxa6 bxa6 7. Nd2 Bb7 8.
Ne2 f5 9. exf5 gxf5 10. f3 Bh6 11. Bd4 e5 12. Nc4 exd4 13. Nd6+ Ke7 14. Qb3 Rf8
15. Nxd4 Ba8 16. N4xf5+ Rxf5 17. Nxf5+ Kf6 18. Nd6 Qxc5 19. Qf7+ 1-0

[Event "13. Open Club Ajedrez Villaverde"]
[Site "Madrid ESP"]
[Date "2010.06.30"]
[Round "3.5"]
[White "Cano Cabanillas, Javier"]
[Black "Longa Yauca, Javier"]
[Result "0-1"]
[WhiteElo "1960"]
[BlackElo "2285"]
[PlyCount "68"]
[EventDate "2010.06.28"]
[EventType "swiss"]
[EventRounds "9"]
[EventCountry "ESP"]
[Source "lmi"]
[SourceDate "2010.06.28"]

1. e4 e6 2. d4 d5 3. Nd2 c5 4. c3 cxd4 5. cxd4 Nc6 6. Ngf3 dxe4 7. Nxe4 Bb4+ 8.
Bd2 Bxd2+ 9. Qxd2 Nge7 10. Bc4 O-O 11. O-O b6 12. Rfd1 Bb7 13. Rac1 Nd5 14.
Bxd5 Qxd5 15. Nc3 Qh5 16. Qg5 Qxg5 17. Nxg5 Ne7 18. Nb5 Bc6 19. Nd6 h6 20. Nh3
Rfd8 21. Nc4 Nf5 22. Ne5 Bb5 23. Rc7 Nxd4 24. Re1 Be8 25. Nf4 Nb5 26. Rc2 Rac8
27. Rce2 Nd4 28. Rd2 f6 29. Ng4 Nf3+ 30. gxf3 Rxd2 31. Rxe6 Bf7 32. Re7 Rd4 33.
Ne2 Rd1+ 34. Kg2 Re1 0-1

[Event "13. Open Club Ajedrez Villaverde"]
[Site "Madrid ESP"]
[Date "2010.06.30"]
[Round "3.6"]
[White "Gemy, Jose Daniel"]
[Black "Tirado Parra, Alberto"]
[Result "1/2-1/2"]
[WhiteElo "2271"]
[BlackElo "1936"]
[PlyCount "182"]
[EventDate "2010.06.28"]
[EventType "swiss"]
[EventRounds "9"]
[EventCountry "ESP"]
[Source "lmi"]
[SourceDate "2010.06.28"]

1. d4 f5 2. c4 Nf6 3. Nc3 e6 4. Bg5 Be7 5. Bxf6 Bxf6 6. e4 fxe4 7. Nxe4 O-O 8.
Nf3 b6 9. Bd3 Bb7 10. Qc2 g6 11. h4 Nc6 12. h5 Nb4 13. Qd2 Nxd3+ 14. Qxd3 d5
15. Ned2 dxc4 16. Qxc4 Qd5 17. hxg6 hxg6 18. Qxc7 Rf7 19. Qc4 Qxc4 20. Nxc4
Bxf3 21. gxf3 Bxd4 22. Rd1 e5 23. Ke2 Rc8 24. Nd6 Rc2+ 25. Kd3 Rfc7 26. Nb5
R7c5 27. Nxd4 exd4 28. Rd2 Rxd2+ 29. Kxd2 Kg7 30. Rh4 Ra5 31. a3 Rf5 32. Ke2
d3+ 33. Ke3 Rb5 34. Rb4 Rd5 35. Rh4 Rb5 36. b4 Rd5 37. Rh1 a5 38. Ke4 Rf5 39.
Rb1 axb4 40. Rxb4 d2 41. Rd4 Ra5 42. Rxd2 Rxa3 43. Rb2 Ra4+ 44. Ke3 Ra3+ 45.
Kf4 Ra4+ 46. Kg3 Ra6 47. f4 Kf7 48. Kg4 Kg7 49. Rb5 Kf6 50. f3 Kf7 51. f5 gxf5+
52. Rxf5+ Ke6 53. Rb5 Kf6 54. f4 Kg6 55. Rd5 b5 56. Rxb5 Rc6 57. Rb1 Ra6 58.
Rb5 Rc6 59. Rg5+ Kf6 60. Rh5 Kf7 61. Kg5 Rg6+ 62. Kf5 Rf6+ 63. Ke5 Re6+ 64. Kd5
Ra6 65. Rf5+ Ke7 66. Ke4 Ra4+ 67. Kf3 Ra6 68. Kg4 Rb6 69. Kg5 Ra6 70. Rb5 Kf7
71. Rb7+ Kf8 72. f5 Rc6 73. Rb8+ Kf7 74. Rh8 Ra6 75. Rh2 Rb6 76. Rh7+ Kg8 77.
Rh1 Ra6 78. Rc1 Kf7 79. Rc8 Rb6 80. Rh8 Kg7 81. Ra8 Kf7 82. Rh8 Kg7 83. Rh1 Ra6
84. Rc1 Kf7 85. Rh1 Kg7 86. Rh4 Rb6 87. Rc4 Kf7 88. Rc7+ Kf8 89. Rh7 Kg8 90.
Rh6 Rxh6 91. Kxh6 Kf7 1/2-1/2

[Event "13. Open Club Ajedrez Villaverde"]
[Site "Madrid ESP"]
[Date "2010.06.30"]
[Round "3.7"]
[White "Rodriguez Diaz, Alberto Jose"]
[Black "Pastor Alonso De Prado, Emilio"]
[Result "0-1"]
[WhiteElo "1955"]
[BlackElo "2195"]
[PlyCount "112"]
[EventDate "2010.06.28"]
[EventType "swiss"]
[EventRounds "9"]
[EventCountry "ESP"]
[Source "lmi"]
[SourceDate "2010.06.28"]

1. e4 e5 2. Nf3 Nc6 3. Bc4 Be7 4. Nc3 d6 5. Nd5 Nf6 6. d3 O-O 7. h3 Na5 8.
Nxe7+ Qxe7 9. Bb3 Nxb3 10. axb3 d5 11. O-O dxe4 12. dxe4 Rd8 13. Qe2 b6 14. Qb5
Bb7 15. Qxe5 Qxe5 16. Nxe5 Bxe4 17. c3 a5 18. Bf4 Nh5 19. Be3 Rd5 20. Nc6 Re8
21. Rfe1 Rd3 22. Nd4 c5 23. Ne2 f5 24. Rad1 Nf6 25. Ng3 Red8 26. Rxd3 Bxd3 27.
b4 axb4 28. cxb4 Nd5 29. Bg5 Rc8 30. bxc5 Rxc5 31. Re6 f4 32. Ne4 Rc1+ 33. Kh2
Rc2 34. Nc3 Nxc3 35. bxc3 Rxf2 36. Re1 f3 37. Be3 Rxg2+ 38. Kh1 Rc2 39. Kg1
Rg2+ 40. Kh1 b5 41. Rd1 Bc4 42. Bc5 Kf7 43. Bd4 Ke6 44. Rg1 Re2 45. Rf1 Bd5 46.
Rf2 Kf5 47. Kg1 g5 48. Kf1 Re8 49. Rb2 Bc4+ 50. Kf2 Re2+ 51. Rxe2 fxe2 52. Be3
h6 53. Bd2 Ke4 54. Be1 Kd3 55. Kf3 Kc2 56. h4 Kd1 0-1

[Event "13. Open Club Ajedrez Villaverde"]
[Site "Madrid ESP"]
[Date "2010.06.30"]
[Round "3.8"]
[White "Baeza Escudero, Javier"]
[Black "Martinez Peiro, Gabriel"]
[Result "1-0"]
[WhiteElo "1958"]
[BlackElo "2058"]
[PlyCount "57"]
[EventDate "2010.06.28"]
[EventType "swiss"]
[EventRounds "9"]
[EventCountry "ESP"]
[Source "lmi"]
[SourceDate "2010.06.28"]

1. e4 c6 2. d4 d5 3. Nd2 dxe4 4. Nxe4 Nd7 5. Ng5 Ngf6 6. Bd3 e6 7. N1f3 Bd6 8.
Bd2 h6 9. Ne4 Nxe4 10. Bxe4 Qc7 11. Qe2 b6 12. O-O-O Bb7 13. Kb1 O-O-O 14. c4
Nf6 15. Bd3 c5 16. Bc3 cxd4 17. Nxd4 a6 18. Nb3 Bxh2 19. c5 Rxd3 20. Rxd3 Bxg2
21. cxb6 Qf4 22. Rxh2 Qxh2 23. Be5 Qh1+ 24. Rd1 Be4+ 25. Ka1 Qf3 26. Qxa6+ Bb7
27. Rc1+ Kd8 28. Qa3 Ng4 29. Qd6+ 1-0

[Event "13. Open Club Ajedrez Villaverde"]
[Site "Madrid ESP"]
[Date "2010.06.30"]
[Round "3.9"]
[White "Arjona Martinez, Santiago"]
[Black "Martin-Consuegra Barrilero, Francisco Javier"]
[Result "1/2-1/2"]
[WhiteElo "2022"]
[BlackElo "1918"]
[PlyCount "28"]
[EventDate "2010.06.28"]
[EventType "swiss"]
[EventRounds "9"]
[EventCountry "ESP"]
[Source "lmi"]
[SourceDate "2010.06.28"]

1. c4 c6 2. e4 e5 3. Nf3 Nf6 4. Nc3 Bb4 5. Qb3 Qe7 6. a3 Ba5 7. Qc2 O-O 8. Be2
d6 9. O-O Bg4 10. d3 h6 11. Ne1 Bb6 12. Qd1 Be6 13. Nc2 d5 14. cxd5 cxd5
1/2-1/2

[Event "13. Open Club Ajedrez Villaverde"]
[Site "Madrid ESP"]
[Date "2010.06.30"]
[Round "3.10"]
[White "Cruz Monzon, Jose"]
[Black "Gutierrez Garcia, Alberto"]
[Result "1-0"]
[WhiteElo "1984"]
[BlackElo "1688"]
[PlyCount "85"]
[EventDate "2010.06.28"]
[EventType "swiss"]
[EventRounds "9"]
[EventCountry "ESP"]
[Source "lmi"]
[SourceDate "2010.06.28"]

1. d4 d5 2. c4 e6 3. Nc3 Nf6 4. Nf3 Nbd7 5. Bg5 Be7 6. e3 O-O 7. Bd3 b6 8. cxd5
exd5 9. O-O Bb7 10. Rc1 c5 11. Re1 Re8 12. Bb1 h6 13. Bh4 Rc8 14. Qd3 Ne4 15.
Bg3 Ndf6 16. Ne5 Nxg3 17. hxg3 Bd6 18. Qf5 Qc7 19. Nb5 Qb8 20. Nxd6 Qxd6 21.
Ng4 Nxg4 22. Qxg4 Qe6 23. Bf5 Qf6 24. Bxc8 Bxc8 25. Qf4 Qc6 26. dxc5 bxc5 27.
Qd4 c4 28. e4 Bb7 29. exd5 Rxe1+ 30. Rxe1 Qxd5 31. Qxd5 Bxd5 32. Re7 c3 33.
bxc3 a6 34. a4 Kf8 35. Ra7 Bc4 36. Rc7 Bb3 37. Rc6 Bxa4 38. Rxa6 Bb5 39. Ra7
Bc4 40. f3 g5 41. Kf2 Ke8 42. Ra8+ Ke7 43. Rh8 1-0

[Event "13. Open Club Ajedrez Villaverde"]
[Site "Madrid ESP"]
[Date "2010.06.30"]
[Round "3.11"]
[White "Rodriguez Bachiller, Luis"]
[Black "Sanchez Millan, Eduardo"]
[Result "0-1"]
[WhiteElo "1894"]
[BlackElo "1976"]
[PlyCount "24"]
[EventDate "2010.06.28"]
[EventType "swiss"]
[EventRounds "9"]
[EventCountry "ESP"]
[Source "lmi"]
[SourceDate "2010.06.28"]

1. e4 c5 2. Nf3 d6 3. d4 cxd4 4. Qxd4 a6 5. Be3 Nc6 6. Qb6 Qxb6 7. Bxb6 g6 8.
c3 Nf6 9. Nbd2 Bh6 10. Bd3 Be6 11. Nd4 Ne5 12. Bc2 Bxd2+ 0-1

[Event "13. Open Club Ajedrez Villaverde"]
[Site "Madrid ESP"]
[Date "2010.06.30"]
[Round "3.12"]
[White "Lopez de Turiso Sanchez, Jose Angel"]
[Black "Laynez Aspenberg, Jose"]
[Result "1/2-1/2"]
[WhiteElo "2110"]
[BlackElo "1910"]
[PlyCount "94"]
[EventDate "2010.06.28"]
[EventType "swiss"]
[EventRounds "9"]
[EventCountry "ESP"]
[Source "lmi"]
[SourceDate "2010.06.28"]

1. g3 Nf6 2. Bg2 g6 3. c4 c5 4. Nc3 Bg7 5. e4 d6 6. Nge2 Nc6 7. a3 O-O 8. Rb1
Bd7 9. b4 cxb4 10. axb4 Ne5 11. d3 Bg4 12. f4 Bxe2 13. Nxe2 Ned7 14. Be3 Ng4
15. Bg1 a5 16. h3 Ngf6 17. bxa5 Qxa5+ 18. Qd2 Qxd2+ 19. Kxd2 Ra2+ 20. Ke3 Nc5
21. Bf2 Rfa8 22. Rhd1 R8a3 23. Nc1 Rc2 24. Rd2 Rxc4 25. Ke2 Rca4 26. Bxc5 dxc5
27. Rxb7 Rc3 28. Rb8+ Bf8 29. Nb3 Ra3 30. Rb2 c4 31. dxc4 Rxg3 32. Kf2 Rc3 33.
Nd2 Nh5 34. f5 Nf4 35. Bf1 Nxh3+ 36. Bxh3 Rxh3 37. Rc8 Rad3 38. c5 Rh2+ 39. Ke1
f6 40. c6 Rc3 41. Kd1 Kf7 42. Rb7 Bh6 43. Rd7 Rh1+ 44. Ke2 Rh2+ 45. Kd1 Rh1+
46. Ke2 Rh2+ 47. Kd1 Rh1+ 1/2-1/2

[Event "13. Open Club Ajedrez Villaverde"]
[Site "Madrid ESP"]
[Date "2010.06.30"]
[Round "3.13"]
[White "Vidaurre, Luis"]
[Black "Iagar, Razvan-Gabriel"]
[Result "0-1"]
[WhiteElo "1934"]
[BlackElo "2078"]
[PlyCount "102"]
[EventDate "2010.06.28"]
[EventType "swiss"]
[EventRounds "9"]
[EventCountry "ESP"]
[Source "lmi"]
[SourceDate "2010.06.28"]

1. e4 e6 2. d4 d5 3. Nd2 c5 4. exd5 Qxd5 5. c4 Qxd4 6. Ngf3 Qd8 7. Be2 Nf6 8.
O-O Nc6 9. Nb3 Qxd1 10. Rxd1 Be7 11. Bf4 b6 12. a3 Bb7 13. Rd2 O-O 14. Rad1
Rfd8 15. Kf1 Rxd2 16. Nfxd2 Rd8 17. Bf3 Bd6 18. Bxd6 Rxd6 19. Ke2 Kf8 20. Nf1
Ke7 21. Ne3 Rxd1 22. Nxd1 Ba6 23. Nd2 Nd4+ 24. Ke3 Nxf3 25. Kxf3 Bb7+ 26. Kg3
Nh5+ 27. Kg4 Nf6+ 28. Kg3 Kd6 29. Nc3 Bc6 30. f3 Nd7 31. Kf4 f6 32. b3 Ne5 33.
Ke3 Ng6 34. g3 Ne7 35. Nde4+ Kd7 36. g4 Nc8 37. Nf2 Nd6 38. Nd3 e5 39. Nb2 Ke6
40. h3 f5 41. Nba4 f4+ 42. Ke2 g5 43. Nb2 e4 44. fxe4 Nxe4 45. Nxe4 Bxe4 46.
Kf2 Ke5 47. b4 Kd4 48. bxc5 bxc5 49. Kg1 Kc3 50. Na4+ Kxc4 51. h4 Bc2 0-1

[Event "13. Open Club Ajedrez Villaverde"]
[Site "Madrid ESP"]
[Date "2010.06.30"]
[Round "3.14"]
[White "Beltran De Heredia E., Miguel"]
[Black "Garcia-Ines Sanchez, Gustavo"]
[Result "1-0"]
[WhiteElo "2078"]
[BlackElo "1704"]
[PlyCount "85"]
[EventDate "2010.06.28"]
[EventType "swiss"]
[EventRounds "9"]
[EventCountry "ESP"]
[Source "lmi"]
[SourceDate "2010.06.28"]

1. e4 c5 2. Nf3 d6 3. d4 cxd4 4. Nxd4 g6 5. Nc3 a6 6. g3 Bg7 7. Bg2 Nf6 8. O-O
O-O 9. h3 Nc6 10. Nde2 Ne5 11. a4 Be6 12. b3 Rc8 13. Bg5 Qd7 14. Kh2 Nfg4+ 15.
Kg1 Nf6 16. g4 Nfxg4 17. hxg4 Bxg4 18. f3 Bh3 19. Qd2 Bxg2 20. Kxg2 f5 21. Rad1
fxe4 22. Nxe4 Rf5 23. Nd4 Rf7 24. Bh6 Bh8 25. Ng5 Rf6 26. c4 Nf7 27. Nxf7 Rxf7
28. Qe3 Be5 29. Qe4 Rc5 30. Qg4 Qxg4+ 31. fxg4 Bf6 32. Nf3 Bc3 33. Rd5 Rxd5 34.
cxd5 Be5 35. Rc1 Bg7 36. Rc8+ Rf8 37. Rxf8+ Kxf8 38. g5 Bxh6 39. gxh6 Kf7 40.
Ng5+ Kf6 41. Nxh7+ Kf7 42. Ng5+ Kf6 43. Ne6 1-0

[Event "13. Open Club Ajedrez Villaverde"]
[Site "Madrid ESP"]
[Date "2010.06.30"]
[Round "3.15"]
[White "Rodriguez Sampedro, Ricardo"]
[Black "Cortes Jurado, Rafael"]
[Result "0-1"]
[WhiteElo "1926"]
[BlackElo "2076"]
[PlyCount "113"]
[EventDate "2010.06.28"]
[EventType "swiss"]
[EventRounds "9"]
[EventCountry "ESP"]
[Source "lmi"]
[SourceDate "2010.06.28"]

1. d4 Nf6 2. c4 e6 3. Nc3 Bb4 4. Nf3 O-O 5. Qc2 b6 6. e4 d5 7. cxd5 exd5 8. e5
Ne4 9. Bd3 Bb7 10. O-O Bxc3 11. bxc3 Nd7 12. c4 f5 13. exf6 Ndxf6 14. Ng5 Ng4
15. Nxe4 dxe4 16. Bxe4 Qxd4 17. Bxb7 Qxa1 18. Bxa8 Qe5 19. g3 Rxa8 20. h3 Nf6
21. Bb2 Qe6 22. g4 Rf8 23. Qc3 Qf7 24. f3 Qg6 25. Re1 h5 26. Re7 Qg5 27. Qd4 c5
28. Qd6 Qg6 29. Qe6+ Kh7 30. Bxf6 Rxf6 31. Qe4 Qxe4 32. fxe4 hxg4 33. hxg4 Rf4
34. e5 Rxg4+ 35. Kf2 Rxc4 36. e6 Re4 37. Kf3 Re1 38. Kf4 Kg6 39. Re8 Kf6 40.
Rf8+ Ke7 41. Rf7+ Kxe6 42. Rxg7 Rf1+ 43. Ke4 Rf7 44. Rg6+ Kd7 45. Kd3 Kc7 46.
Kc4 Rf4+ 47. Kb3 a6 48. Rh6 Rd4 49. a4 Rd6 50. Rh7+ Kc6 51. Kc4 b5+ 52. axb5+
axb5+ 53. Kc3 Rg6 54. Ra7 Rg3+ 55. Kc2 Kd5 56. Rf7 Rg2+ 57. Kb3 0-1

[Event "13. Open Club Ajedrez Villaverde"]
[Site "Madrid ESP"]
[Date "2010.06.30"]
[Round "3.16"]
[White "Merino Araguas, Jose Javier"]
[Black "Cabañas Bravo, Juan Andres"]
[Result "0-1"]
[WhiteElo "1849"]
[BlackElo "2057"]
[PlyCount "74"]
[EventDate "2010.06.28"]
[EventType "swiss"]
[EventRounds "9"]
[EventCountry "ESP"]
[Source "lmi"]
[SourceDate "2010.06.28"]

1. d4 Nf6 2. c4 g6 3. Nc3 d5 4. cxd5 Nxd5 5. e4 Nxc3 6. bxc3 c5 7. Bc4 Bg7 8.
Ne2 Nc6 9. Be3 cxd4 10. cxd4 Qa5+ 11. Bd2 Qa3 12. Rb1 O-O 13. O-O Rd8 14. d5
Qc5 15. Bd3 Ne5 16. Bb4 Qc7 17. Bc2 a5 18. Bd2 e6 19. Bf4 exd5 20. exd5 Bg4 21.
Be4 Qc4 22. f3 Be6 23. Rc1 Qxa2 24. Rc2 Qa4 25. Qc1 Bd7 26. Rd1 f5 27. Nc3 Qc4
28. Ne2 Qa6 29. Bxe5 Bxe5 30. Bd3 Qa7+ 31. Kh1 Ba4 32. Bc4 b5 33. Ba2 Bxc2 34.
d6+ Kh8 35. Qxc2 Rxd6 36. Rc1 Rad8 37. g3 Qf2 0-1

[Event "13. Open Club Ajedrez Villaverde"]
[Site "Madrid ESP"]
[Date "2010.06.30"]
[Round "3.20"]
[White "Camarero Izquierdo, Juan Carlos"]
[Black "Montero Montero, Juan Jose"]
[Result "1-0"]
[WhiteElo "1935"]
[BlackElo "1745"]
[PlyCount "69"]
[EventDate "2010.06.28"]
[EventType "swiss"]
[EventRounds "9"]
[EventCountry "ESP"]
[Source "lmi"]
[SourceDate "2010.06.28"]

1. e4 Nf6 2. e5 Nd5 3. d4 d6 4. f4 dxe5 5. fxe5 Bf5 6. c3 e6 7. Bd3 Bxd3 8.
Qxd3 c5 9. a3 Nc6 10. Nf3 cxd4 11. cxd4 a6 12. O-O h6 13. Nc3 Be7 14. Kh1 O-O
15. Ne4 b5 16. b4 Nb6 17. Be3 Nc4 18. Qe2 Nb8 19. Nfd2 Nxd2 20. Qxd2 Kh7 21.
Rf3 f5 22. exf6 Bxf6 23. Rh3 Kg8 24. Rf1 Nc6 25. Nxf6+ Rxf6 26. Rxf6 Qxf6 27.
Rf3 Qg6 28. h3 Rd8 29. Rf4 e5 30. Rg4 Qb1+ 31. Kh2 Nxd4 32. Bxd4 exd4 33. Qxh6
Qh7 34. Qe6+ Kh8 35. Qe7 1-0

[Event "13. Open Club Ajedrez Villaverde"]
[Site "Madrid ESP"]
[Date "2010.06.30"]
[Round "3.21"]
[White "Caballero Gallego, Luis"]
[Black "Garcia Hernandez, Javier"]
[Result "1-0"]
[WhiteElo "1933"]
[BlackElo "1660"]
[PlyCount "69"]
[EventDate "2010.06.28"]
[EventType "swiss"]
[EventRounds "9"]
[EventCountry "ESP"]
[Source "lmi"]
[SourceDate "2010.06.28"]

1. e4 e6 2. d4 d5 3. Nc3 Nf6 4. Bg5 Be7 5. e5 Nfd7 6. Bxe7 Qxe7 7. Bd3 a6 8. f4
c5 9. Qd2 Nc6 10. Nf3 b5 11. Qf2 c4 12. Be2 Nb6 13. O-O b4 14. Nd1 a5 15. Ne3
Na4 16. b3 cxb3 17. Bb5 Bd7 18. Bxa4 b2 19. Rab1 b3 20. axb3 Qa3 21. c3 Rb8 22.
Qxb2 Qxb2 23. Rxb2 Na7 24. Bxd7+ Kxd7 25. Ra1 Nc6 26. f5 Rb7 27. Kf2 Rhb8 28.
Nd2 Rb5 29. Rba2 Rc8 30. g4 h6 31. Ke2 Ke7 32. Kd3 Rb7 33. Nd1 Rbc7 34. Nb2 Kd7
35. Na4 1-0

[Event "13. Open Club Ajedrez Villaverde"]
[Site "Madrid ESP"]
[Date "2010.06.30"]
[Round "3.22"]
[White "Penaranda Grilo, Juan Carlos"]
[Black "Takvor Mena, Samuel"]
[Result "1-0"]
[WhiteElo "1921"]
[BlackElo "1647"]
[PlyCount "51"]
[EventDate "2010.06.28"]
[EventType "swiss"]
[EventRounds "9"]
[EventCountry "ESP"]
[Source "lmi"]
[SourceDate "2010.06.28"]

1. d4 d5 2. c4 e6 3. Nc3 c6 4. Nf3 Nf6 5. Bg5 Nbd7 6. e3 Be7 7. Rc1 O-O 8. Bd3
Re8 9. O-O Nf8 10. Re1 Ng6 11. Nh4 Nd7 12. Bxe7 Qxe7 13. Nf3 Nf6 14. b3 e5 15.
Bxg6 e4 16. Bxh7+ Kxh7 17. Ne5 Qe6 18. cxd5 cxd5 19. Nb5 Qf5 20. Nd6 Qg5 21.
Nxe8 Nxe8 22. f4 Qh4 23. Qc2 Bf5 24. Qf2 Qh6 25. Qg3 Nf6 26. Rc7 1-0

[Event "13. Open Club Ajedrez Villaverde"]
[Site "Madrid ESP"]
[Date "2010.06.30"]
[Round "3.23"]
[White "Lozano Sanchez, Jose Antonio"]
[Black "Sanchez Tapia, Luis G"]
[Result "1-0"]
[WhiteElo "1917"]
[BlackElo "1609"]
[PlyCount "43"]
[EventDate "2010.06.28"]
[EventType "swiss"]
[EventRounds "9"]
[EventCountry "ESP"]
[Source "lmi"]
[SourceDate "2010.06.28"]

1. e4 c6 2. Nf3 d5 3. exd5 cxd5 4. d4 Bf5 5. Bf4 Nc6 6. c3 Nf6 7. Nbd2 Nh5 8.
Be3 e6 9. Ne5 Nf6 10. Bb5 Qb6 11. Qa4 Rc8 12. O-O Bd6 13. Ndf3 a6 14. Bxc6+
bxc6 15. h3 O-O 16. g4 Be4 17. g5 Bxf3 18. gxf6 Bxe5 19. dxe5 Qc7 20. Qf4 Be2
21. Qg5 g6 22. Qh6 1-0

[Event "13. Open Club Ajedrez Villaverde"]
[Site "Madrid ESP"]
[Date "2010.06.30"]
[Round "3.24"]
[White "Al-Zarif, Bassam"]
[Black "Martin Espeja, Jorge J"]
[Result "0-1"]
[WhiteElo "1631"]
[BlackElo "1881"]
[PlyCount "118"]
[EventDate "2010.06.28"]
[EventType "swiss"]
[EventRounds "9"]
[EventCountry "ESP"]
[Source "lmi"]
[SourceDate "2010.06.28"]

1. b3 d5 2. Nf3 c5 3. e3 Nc6 4. Bb2 Nf6 5. Bb5 Bd7 6. c4 a6 7. cxd5 Nxd5 8. Bc4
Nf6 9. Ng5 e6 10. O-O Be7 11. Nc3 O-O 12. Nce4 h6 13. Nxf6+ Bxf6 14. Bxf6 Qxf6
15. Ne4 Qe7 16. Qh5 f5 17. Ng3 b5 18. Be2 Ne5 19. f4 Be8 20. Qh3 Nd7 21. Rfd1
Nf6 22. d4 cxd4 23. Rxd4 Rd8 24. Rad1 Rxd4 25. Rxd4 Nd5 26. Nf1 Qc5 27. Qf3 Bc6
28. Qf2 Nc3 29. Bf3 Be4 30. Bxe4 Nxe4 31. Qe2 Rc8 32. Qd3 Kh7 33. a4 Qc2 34.
Qxc2 Rxc2 35. axb5 axb5 36. Rb4 Rc1 37. Rxb5 Nd2 38. g3 Rxf1+ 39. Kg2 Rb1 40.
Re5 Rxb3 41. Rxe6 Nc4 42. e4 fxe4 43. Rxe4 Nd6 44. Re2 h5 45. Kh3 Nf5 46. Kg2
Ne3+ 47. Kf3 Ng4+ 48. Kg2 g6 49. Re7+ Kh6 50. Re2 Rc3 51. h3 Ne3+ 52. Kf2 Nf5
53. g4 Nd4 54. Re3 Rc2+ 55. Kg3 Ne2+ 56. Kf3 Ng1+ 57. Kg3 Ne2+ 58. Kf2 Nd4+ 59.
Kg3 Rc3 0-1

[Event "13. Open Club Ajedrez Villaverde"]
[Site "Madrid ESP"]
[Date "2010.06.30"]
[Round "3.25"]
[White "Garcia Alonso, David"]
[Black "Illan Gomez, Miguel"]
[Result "0-1"]
[WhiteElo "1468"]
[BlackElo "1798"]
[PlyCount "118"]
[EventDate "2010.06.28"]
[EventType "swiss"]
[EventRounds "9"]
[EventCountry "ESP"]
[Source "lmi"]
[SourceDate "2010.06.28"]

1. e4 e5 2. Nf3 Nc6 3. Bb5 a6 4. Ba4 Nf6 5. O-O Be7 6. Re1 b5 7. Bb3 d6 8. c3
O-O 9. h3 Na5 10. Bc2 c5 11. d4 cxd4 12. cxd4 Nc6 13. d5 Nb8 14. Nbd2 Re8 15.
Nf1 h6 16. Ng3 Bf8 17. Be3 Bb7 18. Nf5 Kh7 19. Qd2 Ng8 20. Rac1 g6 21. Ng3 Nd7
22. Bb1 Rc8 23. Rxc8 Qxc8 24. Rc1 Qb8 25. Rc3 Rc8 26. Qc2 Nc5 27. b4 Nd7 28.
Rxc8 Qxc8 29. Qxc8 Bxc8 30. Kh2 Ngf6 31. Nd2 h5 32. Nf3 Be7 33. Ng5+ Kg7 34. f4
exf4 35. Bxf4 Ne5 36. Nf3 Nfd7 37. Ng5 Nc4 38. Nf3 Nde5 39. Nf1 f6 40. Ng3 Na3
41. Nd2 Nxb1 42. Nxb1 h4 43. Ne2 f5 44. exf5 Bxf5 45. Nbc3 Nd3 46. Be3 Nxb4 47.
Nd4 Bf6 48. a3 Nc2 49. Nxf5+ gxf5 50. Bd2 Nxa3 51. Ne2 Nc4 52. Be1 Ne3 53. Nf4
Be5 54. g3 hxg3+ 55. Kxg3 Nc2 56. Bd2 b4 57. Kf3 Nd4+ 58. Ke3 a5 59. Nd3 Kf6
0-1

[Event "13. Open Club Ajedrez Villaverde"]
[Site "Madrid ESP"]
[Date "2010.06.30"]
[Round "3.26"]
[White "Martin Rodriguez, Jose L"]
[Black "Alvarez Romero, Carlos"]
[Result "0-1"]
[WhiteElo "1538"]
[BlackElo "1780"]
[PlyCount "82"]
[EventDate "2010.06.28"]
[EventType "swiss"]
[EventRounds "9"]
[EventCountry "ESP"]
[Source "lmi"]
[SourceDate "2010.06.28"]

1. e4 c6 2. d4 d5 3. e5 Bf5 4. Nd2 e6 5. g4 Bg6 6. Ne2 Nd7 7. h4 h5 8. Nf4 Qb6
9. Nb3 O-O-O 10. Nxg6 fxg6 11. g5 c5 12. c3 Ne7 13. Be3 c4 14. Nd2 Qxb2 15. Rb1
Qa3 16. Qc2 Nf5 17. Bg2 Nb6 18. Qb2 Qxb2 19. Rxb2 Na4 20. Rc2 Ba3 21. Ke2 b5
22. Rb1 a6 23. Bh3 Rhf8 24. Rf1 Kd7 25. Nf3 Nxe3 26. Kxe3 Bb2 27. Nd2 Bxc3 28.
Nb1 Ba5 29. Rfc1 Rf7 30. f3 Rdf8 31. Bg2 Rf4 32. Rh1 Bb6 33. Rd2 a5 34. Rh3 c3
35. Rc2 Bxd4+ 36. Kd3 b4 37. Re2 Nc5+ 38. Kc2 a4 39. Kc1 Bxe5 40. Rc2 Rd4 41.
Bf1 Bf4+ 0-1

[Event "13. Open Club Ajedrez Villaverde"]
[Site "Madrid ESP"]
[Date "2010.06.30"]
[Round "3.27"]
[White "Hernandez Del Can, Jose"]
[Black "Cortijo Manso, Luis"]
[Result "1/2-1/2"]
[WhiteElo "1777"]
[BlackElo "1586"]
[PlyCount "46"]
[EventDate "2010.06.28"]
[EventType "swiss"]
[EventRounds "9"]
[EventCountry "ESP"]
[Source "lmi"]
[SourceDate "2010.06.28"]

1. c4 Nf6 2. Nc3 e5 3. Nf3 Nc6 4. g3 g6 5. Bg2 Bg7 6. d4 exd4 7. Nxd4 Nxd4 8.
Qxd4 O-O 9. Qd1 c6 10. O-O d6 11. Bf4 Ne8 12. Qd2 Be6 13. b3 Qe7 14. Rad1 Rd8
15. Ne4 d5 16. Ng5 Nf6 17. Nxe6 fxe6 18. cxd5 exd5 19. Bg5 Rde8 20. e3 Qe6 21.
Bxf6 Qxf6 22. Qa5 a6 23. Qb6 Qe7 1/2-1/2

[Event "13. Open Club Ajedrez Villaverde"]
[Site "Madrid ESP"]
[Date "2010.06.30"]
[Round "3.28"]
[White "Martinez Miura, Enrique"]
[Black "Ojosnegros Martin, Angel"]
[Result "1-0"]
[WhiteElo "1727"]
[BlackElo "1408"]
[PlyCount "25"]
[EventDate "2010.06.28"]
[EventType "swiss"]
[EventRounds "9"]
[EventCountry "ESP"]
[Source "lmi"]
[SourceDate "2010.06.28"]

1. e4 e6 2. d4 d5 3. Nc3 c5 4. Bb5+ Bd7 5. Bxd7+ Nxd7 6. exd5 cxd4 7. Qxd4 e5
8. Qa4 Ngf6 9. Bg5 Be7 10. O-O-O Bc5 11. Ne4 O-O 12. Bxf6 gxf6 13. Qxd7 1-0